00919 a2200157 4500003000500000005001700005020001500022040000900037082001200046100002700058245008500085260002000170300001100190505053000201650003000731Nust20230526093431.0 a9813091363 cNust a004,NEL aNelson, Kay Yarborough aAdvanced techniques in wordperfect :bfor version 4.2 /cKay Yarborough Nelson,  aNew DelhibTech a481 p. aAn overview of Wordperfect (Page-2), File Management Techniques (Page-36), Printing Techniques (Page-60), Laser Printing (Page-86), Marcos (Page-128),Working with Tables and Columns (Page-162), Creating Tables of Contents, Indexes and Notes (Page-192), Outlining and Paragraph Numbering (Page-228), Foreign-Language and Mathematical (Page-248), Using Mathematics in Documents (Page-268), Optimizing The Speller and Creating Custom Dictionaries (Page-286), Merge Printing (Page-304), Using The Word Perfect Library (Page-382). aTechniques in wordperfect